<?xml version="1.0" encoding="UTF-8"?>
<record
    xmlns:xsi="http://www.w3.org/2001/XMLSchema-instance"
    xsi:schemaLocation="http://www.loc.gov/MARC21/slim http://www.loc.gov/standards/marcxml/schema/MARC21slim.xsd"
    xmlns="http://www.loc.gov/MARC21/slim">

  <leader>01987    a2200241   4500</leader>
  <controlfield tag="003">NALT</controlfield>
  <controlfield tag="005">20250818221448.0</controlfield>
  <controlfield tag="008">231123b        th ||||| |||| 00| 0 tha d</controlfield>
  <datafield tag="020" ind1=" " ind2=" ">
    <subfield code="a">8859161008064</subfield>
  </datafield>
  <datafield tag="040" ind1=" " ind2=" ">
    <subfield code="a">NALT</subfield>
  </datafield>
  <datafield tag="100" ind1="0" ind2=" ">
    <subfield code="9">61553</subfield>
    <subfield code="a">&#xE28;&#xE38;&#xE20;&#xE13;&#xE31;&#xE10; &#xE2A;&#xE38;&#xE02;&#xE42;&#xE02;</subfield>
  </datafield>
  <datafield tag="245" ind1="1" ind2="0">
    <subfield code="a">Facebook Advertising 2nd edition ; &#xE22;&#xE34;&#xE07;&#xE41;&#xE2D;&#xE14;&#xE15;&#xE23;&#xE07;&#xE40;&#xE1B;&#xE49;&#xE32; &#xE08;&#xE48;&#xE32;&#xE22;&#xE40;&#xE1A;&#xE32;&#xE46; &#xE43;&#xE2B;&#xE49;&#xE14;&#xE31;&#xE07;&#xE41;&#xE25;&#xE30;&#xE02;&#xE32;&#xE22;&#xE14;&#xE35; /</subfield>
    <subfield code="c">&#xE28;&#xE38;&#xE20;&#xE13;&#xE31;&#xE10; &#xE2A;&#xE38;&#xE02;&#xE42;&#xE02;.</subfield>
    <subfield code="h">[electronic resource]</subfield>
  </datafield>
  <datafield tag="260" ind1=" " ind2=" ">
    <subfield code="a">&#xE19;&#xE19;&#xE17;&#xE1A;&#xE38;&#xE23;&#xE35; :</subfield>
    <subfield code="b">&#xE44;&#xE2D;&#xE14;&#xE35;&#xE0B;&#xE35;,</subfield>
    <subfield code="c">2563.</subfield>
  </datafield>
  <datafield tag="300" ind1=" " ind2=" ">
    <subfield code="a">Online resource</subfield>
  </datafield>
  <datafield tag="505" ind1="2" ind2=" ">
    <subfield code="a">&#xE1A;&#xE17;&#xE17;&#xE35;&#xE48; 1 &#xE40;&#xE02;&#xE49;&#xE32;&#xE43;&#xE08;&#xE42;&#xE06;&#xE29;&#xE13;&#xE32; Facebook &#xE01;&#xE31;&#xE19;&#xE14;&#xE35;&#xE41;&#xE25;&#xE49;&#xE27;&#xE2B;&#xE23;&#xE37;&#xE2D;&#xE22;&#xE31;&#xE07; --
&#xE1A;&#xE17;&#xE17;&#xE35;&#xE48; 2 &#xE1E;&#xE37;&#xE49;&#xE19;&#xE10;&#xE32;&#xE19;&#xE2A;&#xE33;&#xE04;&#xE31;&#xE0D;&#xE01;&#xE48;&#xE2D;&#xE19;&#xE40;&#xE23;&#xE34;&#xE48;&#xE21;&#xE17;&#xE33;&#xE42;&#xE06;&#xE29;&#xE13;&#xE32; Facebook -- 
&#xE1A;&#xE17;&#xE17;&#xE35;&#xE48; 3 &#xE2A;&#xE23;&#xE49;&#xE32;&#xE07;&#xE41;&#xE04;&#xE21;&#xE40;&#xE1B;&#xE0D;&#xE42;&#xE06;&#xE29;&#xE13;&#xE32; Facebook --
&#xE1A;&#xE17;&#xE17;&#xE35;&#xE48; 4 &#xE2A;&#xE23;&#xE49;&#xE32;&#xE07;&#xE41;&#xE04;&#xE21;&#xE40;&#xE1B;&#xE0D;&#xE42;&#xE06;&#xE29;&#xE13;&#xE32; Instagram --
&#xE1A;&#xE17;&#xE17;&#xE35;&#xE48; 5 &#xE22;&#xE34;&#xE07; Ads Facebook &#xE02;&#xE31;&#xE49;&#xE19;&#xE41;&#xE2D;&#xE14;&#xE27;&#xE32;&#xE19;&#xE0B;&#xE4C; -- 
&#xE1A;&#xE17;&#xE17;&#xE35;&#xE48; 6 &#xE01;&#xE33;&#xE2B;&#xE19;&#xE14;&#xE01;&#xE25;&#xE38;&#xE48;&#xE21;&#xE40;&#xE1B;&#xE49;&#xE32;&#xE2B;&#xE21;&#xE32;&#xE22;&#xE2D;&#xE22;&#xE48;&#xE32;&#xE07;&#xE25;&#xE30;&#xE40;&#xE2D;&#xE35;&#xE22;&#xE14; --
&#xE1A;&#xE17;&#xE17;&#xE35;&#xE48; 7 &#xE27;&#xE31;&#xE14;&#xE1C;&#xE25;&#xE42;&#xE06;&#xE29;&#xE13;&#xE32; Facebook &#xE41;&#xE25;&#xE30;&#xE04;&#xE33;&#xE28;&#xE31;&#xE1E;&#xE17;&#xE4C;&#xE17;&#xE35;&#xE48;&#xE15;&#xE49;&#xE2D;&#xE07;&#xE23;&#xE39;&#xE49; --
&#xE1A;&#xE17;&#xE17;&#xE35;&#xE48; 8 &#xE1B;&#xE23;&#xE31;&#xE1A;&#xE1B;&#xE23;&#xE38;&#xE07;&#xE40;&#xE1E;&#xE34;&#xE48;&#xE21;&#xE1B;&#xE23;&#xE30;&#xE2A;&#xE34;&#xE17;&#xE18;&#xE34;&#xE20;&#xE32;&#xE1E;&#xE42;&#xE06;&#xE29;&#xE13;&#xE32; (Opimize) --
&#xE1A;&#xE17;&#xE17;&#xE35;&#xE48; 9 &#xE40;&#xE17;&#xE04;&#xE19;&#xE34;&#xE04;&#xE22;&#xE34;&#xE07;&#xE41;&#xE2D;&#xE14; Facebook &#xE43;&#xE2B;&#xE49;&#xE14;&#xE31;&#xE07;&#xE40;&#xE1B;&#xE23;&#xE35;&#xE49;&#xE22;&#xE07;&#xE1B;&#xE23;&#xE49;&#xE32;&#xE07; -- 
&#xE1A;&#xE17;&#xE17;&#xE35;&#xE48; 10 &#xE22;&#xE34;&#xE07;&#xE41;&#xE2D;&#xE14;&#xE43;&#xE2B;&#xE49;&#xE02;&#xE32;&#xE22;&#xE44;&#xE14;&#xE49;.</subfield>
  </datafield>
  <datafield tag="650" ind1=" " ind2="4">
    <subfield code="9">3557</subfield>
    <subfield code="a">&#xE01;&#xE32;&#xE23;&#xE15;&#xE25;&#xE32;&#xE14;&#xE2D;&#xE34;&#xE19;&#xE40;&#xE17;&#xE2D;&#xE23;&#xE4C;&#xE40;&#xE19;&#xE47;&#xE15;</subfield>
  </datafield>
  <datafield tag="650" ind1=" " ind2="4">
    <subfield code="9">20455</subfield>
    <subfield code="a">&#xE42;&#xE06;&#xE29;&#xE13;&#xE32; </subfield>
  </datafield>
  <datafield tag="850" ind1=" " ind2=" ">
    <subfield code="a">NALT</subfield>
  </datafield>
  <datafield tag="856" ind1="4" ind2="0">
    <subfield code="u">https://ebook.parliament.go.th/ebookall/example/431777</subfield>
    <subfield code="z">E-Book</subfield>
  </datafield>
  <datafield tag="942" ind1=" " ind2=" ">
    <subfield code="2">lcc</subfield>
    <subfield code="c">EBK</subfield>
  </datafield>
  <datafield tag="996" ind1=" " ind2=" ">
    <subfield code="a">i001</subfield>
    <subfield code="b">CATSTF	</subfield>
    <subfield code="c">2023-12-08</subfield>
  </datafield>
  <datafield tag="999" ind1=" " ind2=" ">
    <subfield code="c">102571</subfield>
    <subfield code="d">102571</subfield>
  </datafield>
  <datafield tag="998" ind1=" " ind2=" ">
    <subfield code="j">25</subfield>
    <subfield code="k"> &#xE19;&#xE35;&#xE25;&#xE27;&#xE31;&#xE2A;&#xE19;&#xE4C; &#xE2D;&#xE34;&#xE19;&#xE17;&#xE23;&#xE31;&#xE01;&#xE29;&#xE32;</subfield>
  </datafield>
  <datafield tag="952" ind1=" " ind2=" ">
    <subfield code="0">0</subfield>
    <subfield code="1">0</subfield>
    <subfield code="2">lcc</subfield>
    <subfield code="4">0</subfield>
    <subfield code="7">0</subfield>
    <subfield code="8">CERS</subfield>
    <subfield code="a">NALT</subfield>
    <subfield code="b">NALT</subfield>
    <subfield code="c">ONLINE</subfield>
    <subfield code="d">2023-09-29</subfield>
    <subfield code="e">191</subfield>
    <subfield code="r">2023-09-29 00:00:00</subfield>
    <subfield code="y">EBK</subfield>
  </datafield>
</record>
